| 000 | 01065 a2200229 4500 | ||
|---|---|---|---|
| 005 | 2008090304564.0 | ||
| 008 | 080903t xxu||||| |||| 00| 0 hin d | ||
| 010 | _aHIN-78894 | ||
| 020 |
_c450.00 _a8189000721 |
||
| 035 | _aHN-51240 | ||
| 037 | _bD.B.Act / pub | ||
| 082 | _a230.1 | ||
| 100 | _aअरूण | ||
| 245 |
_aमहापंडित दशानन रावण _cअरूण |
||
| 246 |
_aMahapandit Dashanan Ravana _bby Arun |
||
| 260 |
_aनई दिल्ली _bविश्वभारती पब्लिकेशन्स _c2006 |
||
| 270 |
_a4378/4बी अंसारी रोड़,दरियागंज _bनई दिल्ली _e110002 |
||
| 300 |
_a303पृ _c22सेमी (सजिल्द) _bरंगीन चित्र |
||
| 650 | _aMythology | ||
| 942 |
_adpl _cHN _k230.1 / अरूण _2ddc _h230.1 _mअरूण |
||
| 999 |
_c958 _d958 |
||